| 000 | 00656nam a22001457a 4500 | ||
|---|---|---|---|
| 020 | _a978-1-4169-1178-4 | ||
| 082 |
_a823 _bDIX/H |
||
| 100 | _aDIXON, FRANKLIN W | ||
| 245 | _aTHE HARDY BOYS - TROUBLE IN PARADISE | ||
| 260 |
_aNEW YORK _bALADDIN PAPERBACKS _c2006 |
||
| 300 | _a165 | ||
| 520 | _aATACK BRIEFING FOR AGENTS FRANK AND JOE HARDY MISSION: The son of Don Ricardo, the UN Ambassador from St. John, has gone missing -- and we are sending you to locate him. LOCATION: St. John, USVI POTENTIAL VICTIMS: Esteban Calderon, the son of the ambassador, and whoever else his kidnappers have harmed. | ||
| 650 |
_aMYSTERY STORY _zUNITED STATES |
||
| 942 | _cBK | ||
| 999 |
_c7754 _d7754 |
||